000 00262nam a22001217a 4500
003 SGT
082 _a618.2
_bW11A
100 _aARORA,MALA
245 _aWORLD CLINICS OBSTETRICS AND GYNECOLOGY
260 _aINDIA
_bJAYPEE
_c2011
300 _a120
942 _2ddc
_cBK
999 _c13997
_d13997